Informe económico 1977

Resumen de los principales acontecimientos económicos y sociales de Panamá durante 1975, 1976 y el primer semestre de 1977 contiene información estadística analizada, sobre la evolución reciente de la economía panameña la explotación integral de la posición geográfica el comportamiento de las princi...

Ausführliche Beschreibung

Gespeichert in:
Bibliographische Detailangaben
Körperschaft: Panamá. Ministerio de Planificación y Política Económica. Dirección de Planificación Económica y Social
Format: Text
Veröffentlicht: Panamá: Ministerio de Planificación y Política Económica
Schlagworte:
Tags: Tag hinzufügen
Keine Tags, Fügen Sie den ersten Tag hinzu!

MARC

LEADER 00000 a a2200000 04500
001 19721
003
040
090 |a 079100  
110 |a Panamá. Ministerio de Planificación y Política Económica. Dirección de Planificación Económica y Social  
245 |a Informe económico 1977  
260 |a Panamá:   |b Ministerio de Planificación y Política Económica  
300 |a 248 p.  
520 |a Resumen de los principales acontecimientos económicos y sociales de Panamá durante 1975, 1976 y el primer semestre de 1977 contiene información estadística analizada, sobre la evolución reciente de la economía panameña la explotación integral de la posición geográfica el comportamiento de las principales variables económicas la evolución de los sectores de producción y de infraestructura./ALLV  
650 |a INDICADORES ECONOMICOS  
650 |a INDICADORES SOCIALES  
650 |a SERVICIOS PUBLICOS  
650 |a DESARROLLO ECONOMICO  
999 |c 10035  |d 10035